• 首页
  • 本馆介绍
  • 公告通知
  • 最新文献
  • 馆藏检索
  • 电子资源
  • 读者导购
  • 参考咨询
  • 我的图书馆
  • 登录
  • 详细信息显示
  • 放入我的书架
  • 预约/预借图书
  • 作者相关作品
  • 分类相关作品
  • 丛书相关作品
  • 出版社相关作品

书目信息

  • 表格格式
  • 工作单格式
  • 卡片格式
题名:
双曲线函数
    
 
作者: ;程德粼 译 ;舍尔瓦托夫 著
分册:  
出版信息: 北京   中央民族学院出版社  1956
页数: 49页
开本: 19cm
丛书名:
单 册:
中图分类: O171
科图分类: 51.6112
主题词: 双曲线函数
电子资源:
ISBN:
000 00716nam0 2200253 45
001 0188021178
005 20070714110521.26
010    @dCNY0.38
020    @aCN@b88021178
091    @aCN@b13119.66
100    @a19910417d1956 m y0chiy0120 ea
101 1  @achi@crus
102    @aCN@b110000
105    @ay z 000yy
200 10 @a双曲线函数@Ashuang qu xian han shu@f(苏)舍尔瓦托夫著@F(su)she er wa tuo fu zhu@g程德粼译@Gcheng de lin yi
210    @a北京@c中央民族学院出版社@d1956
215    @a49页@d19cm
606    @a双曲线函数
690    @aO171@v1980
692    @a51.6112@v1974
702  0 @a程德粼@Acheng de lin@4译
711 02 @a舍尔瓦托夫@4著
801  0 @aCN@bTSSF@c20070714
905    @a10447@dO171@e139
    
    双曲线函数/(苏)舍尔瓦托夫著/程德粼译.-北京:中央民族学院出版社,1956
    49页;19cm
    
    
    ISBN :CNY0.38
    
●
相关链接 在E读中查询图书 在五车中查询图书 在当当中查询图书 在豆瓣中查询图书


正题名:双曲线函数     索取号:O171/139         预约/预借

序号 登录号 条形码 馆藏地/架位号 状态 备注
1 0768388   207683880   第二样本阅览室/ [索取号:O171/139] 在馆    
2 0768389   207683899   密集书库/ [索取号:O171/139] 在馆    
唐山师范学院图书馆 欢迎您!
大连网信软件有限公司© 版权所有